Statistiques concernant Les compos de Real Madrid 1-1 Manchester City (2024)

Cliquez ici pour prendre le quiz!

Statistiques générales

  • Ce quiz a été pris 160 fois
  • Le résultat moyen est 19 sur 22

Statistiques - réponses

EquipeJoueurs% Correct
Manchester CityErling Haaland
95%
Real MadridVinicius Junior
95%
Real MadridAndriy Lunin
94%
Real MadridAntonio Rudiger
94%
Real MadridEduardo Camavinga
93%
Real MadridRodrygo
93%
Manchester CityEderson
92%
Manchester CityKevin De Bruyne
91%
Real MadridDani Carvajal
90%
Real MadridJude Bellingham
90%
Real MadridToni Kroos
90%
Manchester CityPhil Foden
89%
Manchester CityBernardo Silva
88%
Real MadridFerland Mendy
86%
Manchester CityKyle Walker
83%
Manchester CityRodri
83%
Real MadridFrederico Valverde
81%
Manchester CityJack Grealish
81%
Manchester CityRuben Dias
77%
Manchester CityManuel Akanji
68%
Manchester CityJosko Gvardiol
56%
Real MadridNacho Fernandez
52%

Distribution des résultats

Percentile par nombre de réponses

% des personnes avec chaque résultat

Votre développement - résultats

Vous n’avez pas pris ce quiz